[Event "GBR-ch111 Major Open"]
[Site "Liverpool"]
[Date "2025.08.07"]
[Round "6.19"]
[White "Vaddhireddy, Sai"]
[Black "Ruane, Brendan J"]
[Result "1/2-1/2"]
[WhiteElo "1972"]
[BlackElo "1848"]
[PlyCount "117"]
[EventDate "2025.08.02"]
[EventType "swiss"]
[EventRounds "9"]
[EventCountry "GBR"]
[SourceTitle "BritBase"]
[Source "John Saunders"]
[SourceDate "2025.08.11"]
[SourceVersion "1"]
[SourceVersionDate "2025.08.11"]
[SourceQuality "1"]

1. d4 Nc6 2. e4 e5 3. d5 Nce7 4. h4 Nf6 5. Nc3 Neg8 6. Nf3 Bb4 7. Bd3 d6 8. O-O Bxc3 9. bxc3 Bg4 10. Rb1 b6 11. Qe2 Nd7 12. Bg5 Ngf6 13. Qd2 Bxf3 14. gxf3 h6 15. Be3 Nh5 16. Kg2 Qxh4 17. Rh1 Nf4+ 18. Bxf4 Qxf4 19. Qxf4 exf4 20. Rh4 g5 21. Rh3 h5 22. Rbh1 h4 23. Re1 Ne5 24. Rhh1 Ke7 25. Be2 Rh6 26. Reg1 Rah8 27. Rh3 Nd7 28. Kf1 Kf6 29. Ke1 Rg6 30. Kf1 Rgg8 31. Ke1 Re8 32. Kf1 Re5 33. Rg2 Kg6 34. Bd3 Kh6 35. Rh1 Rhe8 36. Rhg1 Nf6 37. Rh2 R8e7 38. Rh3 Nd7 39. Rh2 Nc5 40. Kg2 Na4 41. c4 Nc5 42. Kf1 c6 43. Kg2 Rc7 44. Rhh1 Kg6 45. Kh3 Kf6 46. Rc1 Re8 47. Be2 Ke5 48. Rcd1 Nd7 49. Rhg1 Rg8 50. Rd2 c5 51. Rdd1 Rcc8 52. c3 Kf6 53. Rg2 Ne5 54. Rgg1 Ke7 55. Rde1 Kd7 56. Ra1 f6 57. a4 a5 58. Rab1 Kc7 59. Rb2 1/2-1/2

[Event "GBR-ch111 Major Open"]
[Site "Liverpool"]
[Date "2025.08.07"]
[Round "6.20"]
[White "Keerthi Kumar, Advait"]
[Black "Welling, Zac"]
[Result "1-0"]
[WhiteElo "1878"]
[BlackElo "1970"]
[PlyCount "103"]
[EventDate "2025.08.02"]
[EventType "swiss"]
[EventRounds "9"]
[EventCountry "GBR"]
[SourceTitle "BritBase"]
[Source "John Saunders"]
[SourceDate "2025.08.11"]
[SourceVersion "1"]
[SourceVersionDate "2025.08.11"]
[SourceQuality "1"]

1. e4 c5 2. Nf3 d6 3. d4 cxd4 4. Nxd4 Nf6 5. Nc3 a6 6. Bg5 Nbd7 7. f3 Qb6 8. Rb1 e6 9. Qd2 Be7 10. Bc4 O-O 11. Be3 Qc7 12. Bxe6 fxe6 13. Nxe6 Qc6 14. Nxf8 Bxf8 15. O-O Ne5 16. b3 Be6 17. Bd4 b5 18. Nd1 Rc8 19. Ne3 Be7 20. Rbc1 Bd8 21. Rfd1 Bb6 22. Kh1 Bc5 23. c3 Qe8 24. Rc2 h6 25. Bxc5 dxc5 26. Qd6 Nf7 27. Qxa6 Kh7 28. c4 b4 29. Nd5 Bxd5 30. cxd5 Ne5 31. Qe2 Qh5 32. Rdc1 Ng6 33. Rxc5 Ra8 34. d6 Qh4 35. e5 Nh5 36. Qe1 Qd4 37. Qe4 Qf2 38. R5c2 Qa7 39. e6 Nhf4 40. Rd2 Qa3 41. Re1 Rc8 42. d7 Qc1 43. dxc8=Q Qxd2 44. Qcc2 Qd8 45. e7 Qe8 46. Qxf4 Qb5 47. e8=Q Qh5 48. Qexg6+ Qxg6 49. Qxg6+ Kxg6 50. Re6+ Kh7 51. Qf5+ g6 52. Qf7+ 1-0

[Event "GBR-ch111 Major Open"]
[Site "Liverpool"]
[Date "2025.08.07"]
[Round "6.21"]
[White "Cowan, Xavier"]
[Black "Brown, Tom"]
[Result "1-0"]
[WhiteElo "1854"]
[BlackElo "1961"]
[PlyCount "101"]
[EventDate "2025.08.02"]
[EventType "swiss"]
[EventRounds "9"]
[EventCountry "GBR"]
[SourceTitle "BritBase"]
[Source "John Saunders"]
[SourceDate "2025.08.11"]
[SourceVersion "1"]
[SourceVersionDate "2025.08.11"]
[SourceQuality "1"]

1. d4 d5 2. Nf3 Nf6 3. e3 c5 4. c4 cxd4 5. exd4 e6 6. Nc3 Be7 7. Bd3 dxc4 8. Bxc4 O-O 9. O-O a6 10. a4 Nc6 11. Bf4 Nb4 12. Qb3 b6 13. Rfe1 Nbd5 14. Bxd5 exd5 15. a5 b5 16. Ne5 Bb7 17. Na4 Nh5 18. Bd2 Rc8 19. Nb6 Rc7 20. Rac1 Rxc1 21. Rxc1 Nf6 22. Nc6 Bxc6 23. Rxc6 Bd6 24. Bb4 Re8 25. g3 Bxb4 26. Qxb4 Qb8 27. Qd6 Qd8 28. Qxd8 Rxd8 29. Rc7 h6 30. Ra7 Re8 31. Kf1 Re4 32. Rxa6 Rxd4 33. Ra8+ Kh7 34. a6 Rd1+ 35. Ke2 Ra1 36. a7 Kg6 37. b3 Ra6 38. Nc8 Nd7 39. Ne7+ Kf6 40. Nxd5+ Kg6 41. Nb4 Ra3 42. Nc6 Ra6 43. Rc8 Nb6 44. Rb8 Nd7 45. a8=Q Nxb8 46. Ne5+ Kf5 47. Qxb8 Re6 48. f4 f6 49. Qc8 fxe5 50. g4+ Kf6 51. Qf8+ 1-0

[Event "GBR-ch111 Major Open"]
[Site "Liverpool"]
[Date "2025.08.07"]
[Round "6.22"]
[White "Ding, Yiwen"]
[Black "Buckland, Louis"]
[Result "1-0"]
[WhiteElo "1844"]
[BlackElo "1961"]
[PlyCount "81"]
[EventDate "2025.08.02"]
[EventType "swiss"]
[EventRounds "9"]
[EventCountry "GBR"]
[SourceTitle "BritBase"]
[Source "John Saunders"]
[SourceDate "2025.08.11"]
[SourceVersion "1"]
[SourceVersionDate "2025.08.11"]
[SourceQuality "1"]

1. c4 b6 2. Nc3 Bb7 3. e4 e6 4. Nge2 Ne7 5. g3 f5 6. Bg2 g6 7. O-O Bg7 8. Rb1 a5 9. b3 O-O 10. d4 e5 11. dxe5 Bxe5 12. exf5 Bxg2 13. Kxg2 Rxf5 14. Nd5 Nbc6 15. Bf4 Kg7 16. Ne3 Rf7 17. Bxe5+ Nxe5 18. Qd4 N7c6 19. Qc3 Rf3 20. Ng1 Qf6 21. Nxf3 Qxf3+ 22. Kg1 Kg8 23. Rbc1 Rf8 24. Nd5 Nd3 25. Rcd1 Nce5 26. Qd4 Qxd1 27. Ne7+ Kf7 28. Qd5+ Kxe7 29. Rxd1 Nf3+ 30. Kf1 Nde5 31. h4 d6 32. Kg2 Rf5 33. Qe4 Kd7 34. a3 h5 35. b4 axb4 36. axb4 Ng4 37. Qe2 g5 38. hxg5 Nxg5 39. f4 Ne6 40. Re1 Rf6 41. f5 1-0

[Event "GBR-ch111 Major Open"]
[Site "Liverpool"]
[Date "2025.08.07"]
[Round "6.23"]
[White "De Silva, Sithun"]
[Black "Savage, Andrew"]
[Result "0-1"]
[WhiteElo "1817"]
[BlackElo "1950"]
[PlyCount "84"]
[EventDate "2025.08.02"]
[EventType "swiss"]
[EventRounds "9"]
[EventCountry "GBR"]
[SourceTitle "BritBase"]
[Source "John Saunders"]
[SourceDate "2025.08.11"]
[SourceVersion "1"]
[SourceVersionDate "2025.08.11"]
[SourceQuality "1"]

1. e4 Nf6 2. e5 Nd5 3. d4 d6 4. c4 Nb6 5. exd6 exd6 6. Be2 Be7 7. Nf3 O-O 8. O-O Bf5 9. b3 Bf6 10. Bb2 a5 11. Bd3 Bg6 12. Qc2 Nc6 13. a3 a4 14. b4 d5 15. c5 Bxd3 16. Qxd3 Nc4 17. Bc3 b5 18. cxb6 cxb6 19. b5 Na7 20. Nbd2 Rc8 21. Nxc4 dxc4 22. Qf5 g6 23. Qc2 Nxb5 24. Bb4 Re8 25. Rad1 Qd5 26. Qxa4 Ra8 27. Qc2 Nxa3 28. Bxa3 Rxa3 29. Rb1 b5 30. Rb4 Rea8 31. Rfb1 Ra1 32. h3 Rxb1+ 33. Qxb1 Rb8 34. Qa2 Be7 35. Rb1 b4 36. Qa7 Rb7 37. Qa8+ Kg7 38. Ne5 c3 39. Nc4 c2 40. Rc1 b3 41. Kh2 Bg5 42. Ne3 Bxe3 0-1

[Event "GBR-ch111 Major Open"]
[Site "Liverpool"]
[Date "2025.08.07"]
[Round "6.24"]
[White "McDonagh, Michael"]
[Black "Dissanayake, Sathsara"]
[Result "1/2-1/2"]
[WhiteElo "1947"]
[BlackElo "1733"]
[PlyCount "123"]
[EventDate "2025.08.02"]
[EventType "swiss"]
[EventRounds "9"]
[EventCountry "GBR"]
[SourceTitle "BritBase"]
[Source "John Saunders"]
[SourceDate "2025.08.11"]
[SourceVersion "1"]
[SourceVersionDate "2025.08.11"]
[SourceQuality "1"]

1. c4 e5 2. Nc3 Nf6 3. Nf3 Nc6 4. e3 d5 5. cxd5 Nxd5 6. Bb5 Nxc3 7. bxc3 Bd6 8. d4 exd4 9. cxd4 O-O 10. O-O Bg4 11. Be2 Re8 12. h3 Bh5 13. a3 Qe7 14. Qb3 Rab8 15. Bd2 a6 16. Rfe1 h6 17. Rec1 Bg6 18. Bd3 Bxd3 19. Qxd3 Qe4 20. Qxe4 Rxe4 21. Rab1 Ree8 22. a4 g6 23. a5 Na7 24. Bb4 Bxb4 25. Rxb4 Nb5 26. Ne5 Kg7 27. g3 Rbc8 28. Rbc4 Re7 29. Kg2 Rd8 30. Rc5 Re6 31. h4 c6 32. Nc4 f6 33. Nb6 Red6 34. R5c2 Kf7 35. Na4 R6d7 36. Nc5 Re7 37. Rd2 h5 38. Kf3 f5 39. Rb2 Rd5 40. Kf4 Kf6 41. Rb4 Rd8 42. Kf3 Rd5 43. Nd3 Rd8 44. Rc5 Red7 45. Nf4 Re8 46. Nh3 Rde7 47. Ng5 Nd6 48. Rc2 Rd8 49. Kf4 Nf7 50. Nxf7 Rxf7 51. Rc5 Re7 52. f3 Rde8 53. Rb3 Rd7 54. Rb6 Re6 55. Re5 Red6 56. g4 hxg4 57. fxg4 Rxd4+ 58. e4 Rxe4+ 59. Rxe4 fxe4 60. Kxe4 Rh7 61. Kf4 Rxh4 62. Rxb7 1/2-1/2

[Event "GBR-ch111 Major Open"]
[Site "Liverpool"]
[Date "2025.08.07"]
[Round "6.25"]
[White "Izod, Chris"]
[Black "Kendall, Arthur"]
[Result "1/2-1/2"]
[WhiteElo "1944"]
[BlackElo "1826"]
[PlyCount "68"]
[EventDate "2025.08.02"]
[EventType "swiss"]
[EventRounds "9"]
[EventCountry "GBR"]
[SourceTitle "BritBase"]
[Source "John Saunders"]
[SourceDate "2025.08.11"]
[SourceVersion "1"]
[SourceVersionDate "2025.08.11"]
[SourceQuality "1"]

1. d4 Nf6 2. Nf3 g6 3. Nbd2 Bg7 4. e4 d6 5. Bd3 O-O 6. O-O c5 7. c3 Bg4 8. h3 Bxf3 9. Nxf3 Nfd7 10. Be3 Nc6 11. d5 Nce5 12. Nxe5 Nxe5 13. Be2 f5 14. f4 Nd7 15. exf5 Rxf5 16. Bg4 Rf8 17. Be6+ Kh8 18. h4 Nf6 19. g4 Ne8 20. g5 Nc7 21. Bg4 Qe8 22. h5 gxh5 23. Bxh5 Qb5 24. Qd2 Qc4 25. Bf3 Rf5 26. Rad1 Raf8 27. Qg2 e6 28. Be4 Nxd5 29. Bxf5 Nxe3 30. Bd3 Nxg2 31. Bxc4 Ne3 32. Bxe6 Nxd1 33. Rxd1 Rxf4 34. Rxd6 b5 1/2-1/2

[Event "GBR-ch111 Major Open"]
[Site "Liverpool"]
[Date "2025.08.07"]
[Round "6.26"]
[White "Richmond, Frank"]
[Black "Rich, Aaron"]
[Result "1/2-1/2"]
[WhiteElo "1836"]
[BlackElo "1944"]
[PlyCount "103"]
[EventDate "2025.08.02"]
[EventType "swiss"]
[EventRounds "9"]
[EventCountry "GBR"]
[SourceTitle "BritBase"]
[Source "John Saunders"]
[SourceDate "2025.08.11"]
[SourceVersion "1"]
[SourceVersionDate "2025.08.11"]
[SourceQuality "1"]

1. e4 c5 2. Nf3 g6 3. c3 d5 4. e5 Nc6 5. d4 Bg4 6. Bb5 cxd4 7. cxd4 Qb6 8. Bxc6+ bxc6 9. Nbd2 Nh6 10. O-O Bg7 11. h3 Bxf3 12. Nxf3 O-O 13. b3 c5 14. Bf4 e6 15. Qc1 Nf5 16. Qxc5 Qb7 17. Rac1 Qa6 18. Qc2 Qb6 19. Qd2 Rfb8 20. g4 Ne7 21. Bh6 a5 22. Bxg7 Kxg7 23. Rc3 a4 24. Rfc1 h6 25. Rc7 Ra7 26. Qc3 axb3 27. Rxa7 Qxa7 28. axb3 Qa3 29. Rb1 Qa2 30. Qb2 Qa6 31. b4 Rb5 32. Ne1 Qb7 33. Nc2 Nc6 34. Qc3 Qb6 35. Qb2 Qb7 36. Rf1 Qe7 37. Qc3 Nxb4 38. Qb3 Rb8 39. Nxb4 Rxb4 40. Qe3 Ra4 41. Rc1 Ra3 42. Rc3 Rxc3 43. Qxc3 h5 44. Qg3 hxg4 45. hxg4 Qb4 46. Qf4 Kg8 47. Qf6 Qxd4 48. Qd8+ Kg7 49. Qf6+ Kf8 50. Qd8+ Kg7 51. Qf6+ Kg8 52. Qd8+ 1/2-1/2

[Event "GBR-ch111 Major Open"]
[Site "Liverpool"]
[Date "2025.08.07"]
[Round "6.27"]
[White "Walker, Elmira"]
[Black "Sugden, John N"]
[Result "0-1"]
[WhiteElo "1813"]
[BlackElo "1920"]
[PlyCount "58"]
[EventDate "2025.08.02"]
[EventType "swiss"]
[EventRounds "9"]
[EventCountry "GBR"]
[SourceTitle "BritBase"]
[Source "John Saunders"]
[SourceDate "2025.08.11"]
[SourceVersion "1"]
[SourceVersionDate "2025.08.11"]
[SourceQuality "1"]

1. e4 c5 2. Nf3 e6 3. d4 cxd4 4. Nxd4 a6 5. c4 Nf6 6. Bd3 Nc6 7. Nxc6 dxc6 8. O-O e5 9. Nc3 Be6 10. Bg5 Be7 11. Qc2 h6 12. Bh4 O-O 13. Bg3 Nd7 14. Rad1 Bc5 15. Kh1 Qe7 16. Ne2 Rad8 17. a3 Bd6 18. b4 c5 19. b5 axb5 20. cxb5 c4 21. Bxc4 Rc8 22. Qd2 Bxc4 23. Rfe1 Bxe2 24. Rxe2 Bxa3 25. h3 Rfd8 26. Qa2 Nf6 27. Rxd8+ Rxd8 28. Bxe5 Qxe5 29. Qxa3 Rd1+ 0-1

[Event "GBR-ch111 Major Open"]
[Site "Liverpool"]
[Date "2025.08.07"]
[Round "6.28"]
[White "Peart, Alan"]
[Black "Shankar, Yashwardhan"]
[Result "1/2-1/2"]
[WhiteElo "2065"]
[BlackElo "1761"]
[PlyCount "103"]
[EventDate "2025.08.02"]
[EventType "swiss"]
[EventRounds "9"]
[EventCountry "GBR"]
[SourceTitle "BritBase"]
[Source "John Saunders"]
[SourceDate "2025.08.11"]
[SourceVersion "1"]
[SourceVersionDate "2025.08.11"]
[SourceQuality "1"]

1. e4 c5 2. c3 d5 3. d3 dxe4 4. dxe4 Qxd1+ 5. Kxd1 Nf6 6. f3 Nc6 7. Be3 e5 8. a4 Be6 9. Nd2 Be7 10. Bc4 Bxc4 11. Nxc4 O-O-O+ 12. Kc2 Ne8 13. Bf2 g6 14. Ne3 Nc7 15. Ne2 Rhf8 16. g4 a6 17. Rhd1 Rxd1 18. Rxd1 Rd8 19. Nd5 Nxd5 20. exd5 Nb8 21. Ng3 Nd7 22. c4 Bh4 23. Be1 Rf8 24. b4 b6 25. a5 Bxg3 26. hxg3 bxa5 27. bxc5 Nxc5 28. Bxa5 Kd7 29. Rh1 Rh8 30. Bb4 Nb7 31. c5 Nxc5 32. Bxc5 Rc8 33. Rxh7 Rxc5+ 34. Kd3 Rxd5+ 35. Ke4 Ke6 36. Rh8 Rd4+ 37. Ke3 Ra4 38. Re8+ Kd6 39. Rd8+ Ke7 40. Rb8 a5 41. Rb6 Rb4 42. Ra6 a4 43. g5 Rc4 44. Kd3 Rd4+ 45. Ke3 Rb4 46. Kd3 e4+ 47. fxe4 Rb3+ 48. Kd4 Rxg3 49. Ra7+ Ke6 50. Ra6+ Ke7 51. Ra7+ Kf8 52. Ke5 1/2-1/2

[Event "GBR-ch111 Major Open"]
[Site "Liverpool"]
[Date "2025.08.07"]
[Round "6.29"]
[White "Williams, John P"]
[Black "Collins, Jonathan L"]
[Result "1-0"]
[WhiteElo "2027"]
[BlackElo "1868"]
[PlyCount "145"]
[EventDate "2025.08.02"]
[EventType "swiss"]
[EventRounds "9"]
[EventCountry "GBR"]
[SourceTitle "BritBase"]
[Source "John Saunders"]
[SourceDate "2025.08.11"]
[SourceVersion "1"]
[SourceVersionDate "2025.08.11"]
[SourceQuality "1"]

1. e4 Nc6 2. d4 e5 3. d5 Nce7 4. Nf3 Ng6 5. h4 h5 6. Bg5 Be7 7. d6 cxd6 8. Nc3 f6 9. Be3 Nh6 10. Bxh6 Rxh6 11. Bc4 Nf4 12. g3 Qc7 13. Bb3 Ne6 14. Qd2 a6 15. a4 b6 16. Bd5 Bb7 17. Qe3 Rb8 18. O-O Qc5 19. Qd3 Qc7 20. Bxb7 Qxb7 21. Nd5 Nc5 22. Qe3 Ne6 23. Rfd1 Qc6 24. b4 Rh8 25. Rd3 Bf8 26. Rc3 Qb7 27. Rd1 Kf7 28. Nd2 b5 29. a5 Rc8 30. Nf3 Rxc3 31. Qxc3 Qc6 32. Qe3 Be7 33. Rd3 Rc8 34. Qa7 Ra8 35. Qe3 Rc8 36. Rc3 Qb7 37. Rxc8 Qxc8 38. Qa7 Ke8 39. Nb6 Qc6 40. Qxa6 Qxc2 41. Qb7 Qc6 42. a6 Nd8 43. Qb8 Qc1+ 44. Kg2 Kf7 45. a7 Nc6 46. Qb7 Nxa7 47. Qxa7 Qc6 48. Qxd7 Qxd7 49. Nxd7 d5 50. exd5 Bxb4 51. Kf1 Ke7 52. Nb8 Kd6 53. Nc6 Bc5 54. Ke2 Kxd5 55. Na5 Bb6 56. Nb3 Kc4 57. Nfd2+ Kc3 58. f3 f5 59. Nc1 Bc7 60. Ke3 f4+ 61. gxf4 exf4+ 62. Ke2 Kc2 63. Nd3 Bd8 64. Nxf4 g5 65. Ne6 Ba5 66. Nd4+ Kb2 67. hxg5 Bd8 68. g6 Bf6 69. Nxb5 h4 70. Ne4 Bh8 71. f4 Kb3 72. f5 Kc4 73. f6 1-0

[Event "GBR-ch111 Major Open"]
[Site "Liverpool"]
[Date "2025.08.07"]
[Round "6.30"]
[White "Waterfield, Mark B"]
[Black "Vashisht-Pigem, Raman"]
[Result "1-0"]
[WhiteElo "1869"]
[BlackElo "1981"]
[PlyCount "131"]
[EventDate "2025.08.02"]
[EventType "swiss"]
[EventRounds "9"]
[EventCountry "GBR"]
[SourceTitle "BritBase"]
[Source "John Saunders"]
[SourceDate "2025.08.11"]
[SourceVersion "1"]
[SourceVersionDate "2025.08.11"]
[SourceQuality "1"]

1. e4 e6 2. d4 d5 3. Nd2 Nc6 4. Ngf3 Nf6 5. e5 Nd7 6. Bd3 Nb4 7. Be2 c5 8. c3 Nc6 9. Bd3 cxd4 10. cxd4 f6 11. exf6 Qxf6 12. Nb3 Bd6 13. Bg5 Qf7 14. O-O O-O 15. Bh4 h6 16. Bg3 Bxg3 17. fxg3 Qe7 18. Qe2 e5 19. Nxe5 Rxf1+ 20. Rxf1 Ndxe5 21. dxe5 Qxe5 22. Rd1 Bd7 23. Nc5 Qd4+ 24. Qf2 Qxf2+ 25. Kxf2 Rf8+ 26. Kg1 Bg4 27. Rd2 b6 28. Na4 Ne5 29. Bb5 Rd8 30. Rd4 Kf7 31. Nc3 Be6 32. h3 Ke7 33. Kf2 Kd6 34. Ne4+ Kc7 35. Nc3 Ng6 36. Ke3 h5 37. Rd2 Ne7 38. Kd4 Kd6 39. Ne2 Nf5+ 40. Kd3 Ke5 41. Rc2 d4 42. Rc7 Nd6 43. Ba6 Bf5+ 44. Kd2 Ne4+ 45. Kd1 d3 46. Nf4 Nxg3 47. Nxh5 Ne4 48. Re7+ Kd6 49. Rxg7 Ke5 50. Ng3 Kf6 51. Nxf5 Kxf5 52. Rf7+ Ke5 53. Rf3 Nc5 54. Bb5 a6 55. Bc6 Rd6 56. Be8 b5 57. g4 Na4 58. Bf7 Ke4 59. Rg3 Kf4 60. Rg2 Ke3 61. g5 Kf3 62. Rd2 b4 63. Bc4 Nc5 64. g6 Ne4 65. Rxd3+ Rxd3+ 66. Bxd3 1-0

[Event "GBR-ch111 Major Open"]
[Site "Liverpool"]
[Date "2025.08.07"]
[Round "6.31"]
[White "Lee, Yuk Hei"]
[Black "Gadzhiev, Farid"]
[Result "1/2-1/2"]
[WhiteElo "1868"]
[BlackElo "1978"]
[PlyCount "80"]
[EventDate "2025.08.02"]
[EventType "swiss"]
[EventRounds "9"]
[EventCountry "GBR"]
[SourceTitle "BritBase"]
[Source "John Saunders"]
[SourceDate "2025.08.11"]
[SourceVersion "1"]
[SourceVersionDate "2025.08.11"]
[SourceQuality "1"]

1. e4 c5 2. Nc3 e6 3. Nf3 d6 4. d4 cxd4 5. Nxd4 a6 6. Bc4 Nf6 7. Bb3 b5 8. f3 Qc7 9. Be3 Nc6 10. Qd2 Bb7 11. Nce2 Nxd4 12. Nxd4 d5 13. exd5 Bxd5 14. O-O Bd6 15. g3 O-O 16. Bg5 Bxb3 17. Bxf6 gxf6 18. Nxb3 Rfd8 19. Qe2 Rac8 20. c3 Kh8 21. Kh1 Rg8 22. Nd4 Qc5 23. Rf2 b4 24. Nb3 Qh5 25. g4 Qh4 26. cxb4 Bxb4 27. Raf1 a5 28. a3 a4 29. axb4 axb3 30. Qd3 Qh3 31. Qxb3 Rxg4 32. Qd1 Rxb4 33. Qd7 Rcb8 34. Qxf7 Qf5 35. Qe7 R4b7 36. Qd6 Rb6 37. Qd4 Rb4 38. Qd6 R4b6 39. Qd4 Rb4 40. Qd6 R4b6 1/2-1/2

[Event "GBR-ch111 Major Open"]
[Site "Liverpool"]
[Date "2025.08.07"]
[Round "6.32"]
[White "Mulukutla, Ayaansh"]
[Black "Pick, Freddie"]
[Result "0-1"]
[WhiteElo "1852"]
[BlackElo "1978"]
[PlyCount "210"]
[EventDate "2025.08.02"]
[EventType "swiss"]
[EventRounds "9"]
[EventCountry "GBR"]
[SourceTitle "BritBase"]
[Source "John Saunders"]
[SourceDate "2025.08.11"]
[SourceVersion "1"]
[SourceVersionDate "2025.08.11"]
[SourceQuality "1"]

1. e4 c5 2. Nf3 Nc6 3. d4 cxd4 4. Nxd4 Nf6 5. Nc3 e5 6. Nb3 Bb4 7. Bg5 h6 8. Bxf6 Bxc3+ 9. bxc3 Qxf6 10. Qd2 O-O 11. Rd1 Qg6 12. f3 Rd8 13. Qd6 Qxd6 14. Rxd6 Kf8 15. c4 b6 16. c5 bxc5 17. Nxc5 Ke7 18. Rd2 d6 19. Nb3 Be6 20. Bb5 Nb4 21. Na5 Rdc8 22. Ba4 Bxa2 23. O-O Rab8 24. Bb3 Bxb3 25. cxb3 Nc6 26. Ra1 Nd4 27. Nc4 Rc7 28. Na5 Rb5 29. Rda2 Nxb3 30. Nxb3 Rxb3 31. Rxa7 Rxa7 32. Rxa7+ Ke6 33. Kf2 Rb6 34. g4 Rb5 35. Kg3 Rb8 36. Ra5 g6 37. Ra6 Rd8 38. f4 exf4+ 39. Kxf4 Rc8 40. h4 Rc3 41. Rb6 f6 42. g5 fxg5+ 43. hxg5 hxg5+ 44. Kxg5 Ke5 45. Kxg6 Re3 46. Kg5 Rg3+ 47. Kh4 Rd3 48. Rb4 Re3 49. Rb6 Rxe4+ 50. Kg3 Kd5 51. Kf3 Re8 52. Rb1 Kc6 53. Rc1+ Kd7 54. Ra1 Re6 55. Rh1 d5 56. Ra1 Ke7 57. Ra5 Re5 58. Kf4 Re4+ 59. Kf3 Kd6 60. Ra6+ Kc5 61. Ra5+ Kc6 62. Ra6+ Kb5 63. Ra1 Re8 64. Rb1+ Kc5 65. Rc1+ Kd6 66. Rc2 d4 67. Ra2 Re3+ 68. Kf2 Kd5 69. Ra5+ Kc4 70. Ra4+ Kc5 71. Ra8 Re7 72. Rc8+ Kd5 73. Ra8 Kc5 74. Rd8 Kc4 75. Rc8+ Kb3 76. Rd8 Kc3 77. Ra8 Kc2 78. Ra2+ Kc3 79. Ra3+ Kb4 80. Rh3 Kc4 81. Rh1 d3 82. Rc1+ Kb3 83. Rc8 d2 84. Rb8+ Kc2 85. Rc8+ Kd1 86. Rh8 Rc7 87. Rh2 Kc1 88. Rh1+ d1=Q 89. Rxd1+ Kxd1 90. Ke3 Rd7 91. Kf3 Re7 92. Kf4 Ke2 93. Kf5 Ke3 94. Kf6 Re4 95. Kf5 Kf3 96. Kg5 Rf4 97. Kh6 Rg4 98. Kh5 Kf4 99. Kh6 Kf5 100. Kh5 Rg1 101. Kh4 Rg8 102. Kh3 Kf4 103. Kh2 Kf3 104. Kh1 Kf2 105. Kh2 Rh8# 0-1

[Event "GBR-ch111 Major Open"]
[Site "Liverpool"]
[Date "2025.08.07"]
[Round "6.33"]
[White "Ashworth, Robert M"]
[Black "Liu, Jacob"]
[Result "1/2-1/2"]
[WhiteElo "1951"]
[BlackElo "1859"]
[PlyCount "156"]
[EventDate "2025.08.02"]
[EventType "swiss"]
[EventRounds "9"]
[EventCountry "GBR"]
[SourceTitle "BritBase"]
[Source "John Saunders"]
[SourceDate "2025.08.11"]
[SourceVersion "1"]
[SourceVersionDate "2025.08.11"]
[SourceQuality "1"]

1. e4 e6 2. d4 d5 3. Nd2 a6 4. a4 c5 5. exd5 exd5 6. Ngf3 Nc6 7. c3 cxd4 8. Nxd4 Nxd4 9. cxd4 Bd6 10. Bd3 Ne7 11. O-O O-O 12. Nf3 h6 13. h3 Bf5 14. Bxf5 Nxf5 15. Qd3 Qf6 16. Bd2 Rac8 17. Bc3 Rfe8 18. Rfe1 Nh4 19. Nxh4 Qxh4 20. Qf3 Re4 21. Qf5 Rd8 22. Rxe4 Qxe4 23. Qxe4 dxe4 24. Kf1 f5 25. g3 Kf7 26. Ke2 Ke6 27. f3 Kd5 28. fxe4+ fxe4 29. Rf1 Rf8 30. Rxf8 Bxf8 31. Ke3 g6 32. b3 h5 33. g4 Bh6+ 34. Ke2 b5 35. axb5 axb5 36. gxh5 gxh5 37. Bb2 b4 38. Kf2 Bg5 39. Ke2 Bf4 40. Kf2 Bh2 41. Kg2 Bd6 42. Kf2 h4 43. Ke2 Be7 44. Ke3 Bf6 45. Ba1 Bg5+ 46. Ke2 Bc1 47. Kf2 Bd2 48. Ke2 Bc3 49. Bxc3 bxc3 50. Ke3 c2 51. Kd2 Kxd4 52. Kxc2 Ke3 53. b4 Kf2 54. b5 e3 55. b6 e2 56. b7 e1=Q 57. b8=Q Qe2+ 58. Kc1 Qe3+ 59. Kd1 Qxh3 60. Qb6+ Kg2 61. Qg6+ Qg3 62. Qc2+ Kg1 63. Qc5+ Kh1 64. Ke2 Qg2+ 65. Qf2 h3 66. Ke1 Qg1+ 67. Ke2 Qg4+ 68. Ke1 Qe4+ 69. Kd2 Qd5+ 70. Ke1 Qe4+ 71. Kd2 Qb4+ 72. Ke2 Qe7+ 73. Kf1 Qg5 74. Ke1 Qc1+ 75. Ke2 Qc2+ 76. Ke1 Qc3+ 77. Ke2 Qc4+ 78. Ke1 Qe4+ 1/2-1/2

[Event "GBR-ch111 Major Open"]
[Site "Liverpool"]
[Date "2025.08.07"]
[Round "6.34"]
[White "Swiatkowski, Dominik"]
[Black "Rastogi, Nayan Keats"]
[Result "1/2-1/2"]
[WhiteElo "1843"]
[BlackElo "1948"]
[PlyCount "160"]
[EventDate "2025.08.02"]
[EventType "swiss"]
[EventRounds "9"]
[EventCountry "GBR"]
[SourceTitle "BritBase"]
[Source "John Saunders"]
[SourceDate "2025.08.11"]
[SourceVersion "1"]
[SourceVersionDate "2025.08.11"]
[SourceQuality "1"]

1. e4 c5 2. Nf3 d6 3. Bb5+ Bd7 4. Bxd7+ Qxd7 5. c4 Nc6 6. Nc3 Nf6 7. d4 cxd4 8. Nxd4 g6 9. f3 Bg7 10. Be3 O-O 11. O-O a6 12. b3 e6 13. Qd3 Rac8 14. Rad1 Ne5 15. Qd2 Qc7 16. Nde2 Rfd8 17. Na4 Ned7 18. Qxd6 Qxd6 19. Rxd6 b5 20. cxb5 axb5 21. Nac3 Bf8 22. Rd3 b4 23. Na4 Rc2 24. Rd2 Rxd2 25. Bxd2 Nb6 26. Bg5 Nxa4 27. bxa4 Be7 28. Rc1 Nd5 29. Bxe7 Nxe7 30. Rc4 Rd2 31. Nd4 Rxa2 32. Rxb4 e5 33. Nb5 Nc6 34. Rc4 Na5 35. Rc5 Rxa4 36. Rxe5 Nc6 37. Rc5 Ra5 38. Rxc6 Rxb5 39. Kf2 h5 40. Rc2 Kg7 41. f4 Rb3 42. Re2 Kf6 43. Re3 Rb4 44. h3 Ra4 45. g4 hxg4 46. hxg4 Ke6 47. Kf3 f6 48. Rb3 Ra6 49. Re3 Ra4 50. e5 fxe5 51. Rxe5+ Kf6 52. Rd5 Rb4 53. Rd6+ Kf7 54. Ke3 Rb1 55. Rd4 Rg1 56. Kf3 Rf1+ 57. Kg3 Rh1 58. Ra4 Rb1 59. Kh4 Rb5 60. Re4 g5+ 61. fxg5 Rb6 62. Rf4+ Kg7 63. Kh5 Rb1 64. g6 Rb5+ 65. Rf5 Rb1 66. Kg5 Ra1 67. Rf7+ Kg8 68. Re7 Rb1 69. g7 Rb5+ 70. Kh6 Rb6+ 71. Kh5 Rh6+ 72. Kg5 Ra6 73. Kf5 Ra5+ 74. Kf4 Ra4+ 75. Kg3 Ra3+ 76. Kh4 Ra5 77. g5 Ra1 78. Kh5 Rh1+ 79. Kg6 Rh6+ 80. Kf5 Ra6 1/2-1/2

[Event "GBR-ch111 Major Open"]
[Site "Liverpool"]
[Date "2025.08.07"]
[Round "6.35"]
[White "Munshi, Aryan"]
[Black "Davis, Cameron"]
[Result "1/2-1/2"]
[WhiteElo "1841"]
[BlackElo "1944"]
[PlyCount "45"]
[EventDate "2025.08.02"]
[EventType "swiss"]
[EventRounds "9"]
[EventCountry "GBR"]
[SourceTitle "BritBase"]
[Source "John Saunders"]
[SourceDate "2025.08.11"]
[SourceVersion "1"]
[SourceVersionDate "2025.08.11"]
[SourceQuality "1"]

1. d4 Nf6 2. Nf3 b6 3. c4 Bb7 4. Nc3 e6 5. e3 Bb4 6. Bd2 Bxc3 7. Bxc3 Ne4 8. Rc1 O-O 9. Be2 d6 10. O-O f5 11. Nd2 Qh4 12. Nxe4 Bxe4 13. f3 Bb7 14. Qe1 Qg5 15. Bd3 Nd7 16. e4 f4 17. e5 dxe5 18. dxe5 Nc5 19. Bc2 a5 20. a3 Rfd8 21. Qe2 a4 22. Rcd1 Ba6 23. Bb4 1/2-1/2

[Event "GBR-ch111 Major Open"]
[Site "Liverpool"]
[Date "2025.08.07"]
[Round "6.36"]
[White "Zhu, Pengxiao"]
[Black "Bennett, Max"]
[Result "1/2-1/2"]
[WhiteElo "1938"]
[BlackElo "1852"]
[PlyCount "40"]
[EventDate "2025.08.02"]
[EventType "swiss"]
[EventRounds "9"]
[EventCountry "GBR"]
[SourceTitle "BritBase"]
[Source "John Saunders"]
[SourceDate "2025.08.11"]
[SourceVersion "1"]
[SourceVersionDate "2025.08.11"]
[SourceQuality "1"]

1. d4 d5 2. c4 dxc4 3. e3 e5 4. Bxc4 exd4 5. exd4 Bd6 6. h3 Nf6 7. Nf3 O-O 8. O-O Nbd7 9. Nc3 Nb6 10. Bb3 h6 11. Re1 Re8 12. Rxe8+ Qxe8 13. Qc2 Be6 14. Bd2 Bxb3 15. Qxb3 c6 16. a4 Qe7 17. Re1 Qc7 18. Rc1 Qe7 19. Re1 Qc7 20. Rc1 Qe7 1/2-1/2